Corresponencia del Obispo de Oaxaca donde presente la defensa de su cabildo en contra delas resoluciones del Santo Tribunal

Detalles Bibliográficos
Otros Autores: Antonio de Mendoza Mauleon, Joseph de Soto
Formato: Libro
Publicado: Oaxaca, s.f.
Materias:
Colección:Banco de datos
Acervo:Biblioteca Palafoxiana. Colección de Manuscritos
Descripción Física:3 f. ; 30 x 21 cm.
Tema general:Eclesiástica
LEADER 00505nam a22001570004500
035 |a 1631 
245 1 0 |a Corresponencia del Obispo de Oaxaca donde presente la defensa de su cabildo en contra delas resoluciones del Santo Tribunal 
260 |a Oaxaca, s.f. 
300 |a 3 f. ; 30 x 21 cm. 
650 1 0 |a Eclesiástica 
700 1 |a Antonio de Mendoza Mauleon 
700 1 |a Joseph de Soto 
949 |a 32282/052 
942 |c PALAMANU 
943 |g Biblioteca Palafoxiana. Colección de Manuscritos 
999 |c 1069576  |d 1069576